A Bajai Rádió bajai

Elmentve itt :
Bibliográfiai részletek
Szerző: Árendásné Gulyás Gabriella
További közreműködők: Kristóf Gábor (Témavezető)
Dokumentumtípus: Szakdolgozat
Megjelent: 2005
Tárgyszavak:
Online Access:http://diploma.bibl.u-szeged.hu/38613
LEADER 00566nta a2200157 i 4500
001 dipl38613
005 20130411113903.0
008 130411s2005 hu om 0|| hun d
040 |a SZTE Diploma Repozitórium  |b hun 
041 |a hun 
100 1 |a Árendásné Gulyás Gabriella 
245 1 2 |a A Bajai Rádió bajai  |h [elektronikus dokumentum] /  |c Gulyás Gabriella Árendásné 
260 |c 2005 
650 4 |a Bölcsészettudományok 
700 1 |a Kristóf Gábor  |e ths 
856 4 0 |u http://diploma.bibl.u-szeged.hu/id/eprint/38613/1/2005_arendasne_gulyas_gabriella.pdf  |z Dokumentum-elérés